000 00503nam a22001817a 4500
999 _c6767
_d6767
003 GBCCL
005 20241126110611.0
008 180626b ||||| |||| 00| 0 eng d
020 _a0830723552
040 _cgbc
082 _a248
_bPOW
100 _aPowell, Kara Eckmann
_911292
245 _aGod knows you're talented (even if you don't) /
_cKara Eckmann Powell
260 _aUSA:
_bGospel light,
_c1999
300 _a87 p.;
_bill.,
_c28 cm.
650 _aChristian life
_xYouth
_912143
942 _2ddc
_cBK